000 00497nam a2200181Ia 4500
003 GCL
008 140319s9999 xx 000 0 eng d
040 _aGCL /
_cGCL
082 0 4 _a621.092
_bS K
100 1 _aSALISBURY, KENNETH J
245 1 0 _aKENT'S MECHANICAL ENGINEERS HANDBOOK /
_cSALISBURY, KENNETH J
260 _a[S.N] :
_bJOHN WILEY AND SONS. INC ،
_c1996
300 _a554 P
650 0 4 _aAPPLIED PHYSICS
650 0 4 _aPHYSICS
650 0 4 _aMECHANICS ENGINEERING
942 _2ddc
_cBK
999 _c13289
_d13289